| 000 | 01243 a2200241 4500 | ||
|---|---|---|---|
| 001 | 45772 | ||
| 005 | 20260407155729.0 | ||
| 008 | 260407a1990 arg spa d | ||
| 003 | AR-UNSa-BCEJYS | ||
| 040 |
_aAR-UNSa-BCEJYS _bspa _cAR-UNSa-BCEJYS |
||
| 080 |
_a519.2 _xProbabilidades y estadística matemática |
||
| 245 | 1 | 0 | _aEstadística paso a paso |
| 020 | _a968-24-3932-9 | ||
| 250 | _a2a. ed. | ||
| 264 | 1 |
_aMéxico : _bTrillas _c1990 |
|
| 300 |
_a682 p. _c23 cm. |
||
| 505 | _a1. Recolección de datos – 2. Organización gráfica y resumen de los datos – 3. Resumen numérico de los datos – 4. Reglas básicas de la probabilidad – 5. Probabilidad de distribuciones de variables aleatorias – 6. Distribuciones de muestreos – 7. Estimación e intervalos de confianza – 8. Pruebas de las hipótesis acerca de las medias de distribuciones normales – 9. Datos categóricos y sus pruebas – 10. Análisis de la variable – 11. Regresión y correlación – 12. Pruebas no paramétricas - | ||
| 041 | _aspa | ||
| 942 | _cBK | ||
| 590 | _aniveau_biblio:m niveau_hierar:0 | ||
| 100 | 1 | _aChristensen, Howard B. | |
| 856 | 4 | 1 |
_uhttps://www.biblioeco.unsa.edu.ar/pmb/images/libros/L127174.jpg _yImagen de portada _qimage/jpeg |
| 999 |
_c3992 _d3992 |
||